• 首页
  • 本馆介绍
  • 公告通知
  • 最新文献
  • 馆藏检索
  • 电子资源
  • 读者导购
  • 参考咨询
  • 我的图书馆
  • 登录
  • 详细信息显示
  • 放入我的书架
  • 预约/预借图书
  • 作者相关作品
  • 分类相关作品
  • 丛书相关作品
  • 出版社相关作品

书目信息

  • 表格格式
  • 工作单格式
  • 卡片格式
题名:
新型城镇化背景下中国农村体育发展路径研究
    
 
作者: 夏成前 著
分册:  
出版信息: 北京   九州出版社  2021.08
页数: 186页
开本: 24cm
丛书名:
单 册:
中图分类: G812.42
科图分类:
主题词: 农村--体育事业--研究--中国
电子资源:
ISBN: 978-7-5108-9796-2
000 01188nam0 2200241 450
001 012001000606
005 20140131155316.0
010    @a978-7-5108-9796-2@dCNY60.00
100    @a20220905d2020 em y0chiy50 ea
101 0  @achi
102    @aCN@b110000
105    @ay z 000yy
106    @ar
200 1  @a新型城镇化背景下中国农村体育发展路径研究@Axin xing cheng zhen hua bei jing xia zhong guo nong cun ti yu fa zhan lu jing yan jiu@f夏成前著
210    @a北京@c九州出版社@d2021.08
215    @a186页@d24cm
300    @a国家社科基金项目:新型城镇化背景下中国农村体育发展路径研究
330    @a本书以新型城镇化为切入点,探寻新型城镇化背景下村镇居民体育公共需求,促进村镇文化的大发展大繁荣。本书认为,借助新型城镇化建设进程,推动农村体育与新型城镇化建设同步发展,完善农村体育设施、健全农村公共体育服务、丰富农村体育文化,可以逐步推动农村体育现代化。在此基础上,本书探寻新型城镇化背景下中国特色农村体育发展的多元化模式,让广大农村居民公平共享健康丰富的精神文化生活,做到“生活富裕、身体健康、精神愉快”。
606 0  @a农村@x体育事业@x研究@y中国
690    @aG812.42@v5
701  0 @a夏成前@Axia cheng qian@4著
801  0 @aCN@bAHXH@c20221111
905    @b1364701-5@dG812.42@e166@f5
    
    新型城镇化背景下中国农村体育发展路径研究/夏成前著.-北京:九州出版社,2021.08
    186页;24cm
    国家社科基金项目:新型城镇化背景下中国农村体育发展路径研究
    
    ISBN 978-7-5108-9796-2:CNY60.00
    本书以新型城镇化为切入点,探寻新型城镇化背景下村镇居民体育公共需求,促进村镇文化的大发展大繁荣。本书认为,借助新型城镇化建设进程,推动农村体育与新型城镇化建设同步发展,完善农村体育设施、健全农村公共体育服务、丰富农村体育文化,可以逐步推动农村体育现代化。在此基础上,本书探寻新型城镇化背景下中国特色农村体育发展的多元化模式,让广大农村居民公平共享健康丰富的精神文化生活,做到“生活富裕、身体健康、精神愉快”。
●
相关链接 在E读中查询图书 在五车中查询图书 在当当中查询图书 在豆瓣中查询图书


正题名:新型城镇化背景下中国农村体育发展路径研究     索取号:G812.42/166         预约/预借

序号 登录号 条形码 馆藏地/架位号 状态 备注
1 1364701   213647017   第一样本阅览室/ [索取号:G812.42/166] 在馆    
2 1364702   213647026   教育系资料室/ [索取号:G812.42/166] 在馆    
3 1364703   213647035   教育系资料室/ [索取号:G812.42/166] 在馆    
4 1364704   213647044   第四借阅区/ [索取号:G812.42/166] 在馆    
5 1364705   213647053   第四借阅区/ [索取号:G812.42/166] 在馆    
唐山师范学院图书馆 欢迎您!
大连网信软件有限公司© 版权所有